Statistiken für Alle Rainbow 6 Operator

Klicken Sie hier um das Quiz zu spielen!

Allgemein

  • Dieses Quiz wurde 191 mal gespielt
  • Das Durchschnittsergebnis liegt bei 40 aus 66

Antwortstatistiken

Antwort% Korrekt
Ash
92%
blitz
87%
Dok
87%
Sledge
87%
Thermite
84%
Jäger
83%
Mute
83%
Thatcher
82%
Rook
81%
Bandit
80%
Fuze
80%
IQ
80%
Montagne
79%
Smoke
79%
Kapkan
78%
Twitch
78%
Pulse
75%
Castle
74%
Caveira
73%
Frost
72%
Glaz
72%
Buck
70%
Tachanka
69%
Hibana
66%
Lion
65%
Vigil
65%
Ace
64%
Lesion
64%
Echo
62%
Mira
62%
Ying
62%
Blackbeard
61%
Ela
61%
Finka
61%
Clash
58%
Jackal
58%
Kaid
58%
Kali
58%
Alibi
57%
Mozzie
57%
valkyrie
57%
Maestro
55%
Zofia
55%
Warden
53%
Zero
53%
Aruni
52%
Nomad
52%
Iana
51%
Gridlock
50%
maverik
50%
Osa
50%
Amaru
49%
Azami
49%
Oryx
49%
Thunderbird
47%
Wamai
45%
Nokk
43%
Goyo
42%
Grim
42%
Solis
41%
Thorn
41%
Melusi
40%
Flores
39%
Sens
34%
Capitau
16%
Dokkaeibe
4%

Verteilung der Resultate

Perzentil nach korrekt beantworteten Fragen

Anzahl Personen mit jedem Resultat

Ihre Resultats-Entwicklung

Sie haben dieses Quiz noch nicht gespielt